Math counts : (Record no. 7718)

MARC details
000 -LEADER
fixed length control field 00893nam a22002897a 4500
001 - CONTROL NUMBER
control field 7718
003 - CONTROL NUMBER IDENTIFIER
control field FISKH
005 - DATE AND TIME OF LATEST TRANSACTION
control field 20250801093018.0
008 - FIXED-LENGTH DATA ELEMENTS--GENERAL INFORMATION
fixed length control field 250801b cb ||||| |||| 00| 0 eng d
020 ## - INTERNATIONAL STANDARD BOOK NUMBER
International Standard Book Number 9780516454511
040 ## - CATALOGING SOURCE
Original cataloging agency FISKH
Language of cataloging eng
Transcribing agency FISKH
Modifying agency FISKH
050 ## - LIBRARY OF CONGRESS CALL NUMBER
Classification number QC104.P58
082 ## - DEWEY DECIMAL CLASSIFICATION NUMBER
Classification number 530.8
100 ## - MAIN ENTRY--PERSONAL NAME
Personal name Pluckrose, Henry
245 ## - TITLE STATEMENT
Title Math counts :
Remainder of title Capacity /
Statement of responsibility, etc. By Henry Pluckrose ; Mathematics Consultant: Ramona G.Choos, ; Professor of Mathematics
250 ## - EDITION STATEMENT
Edition statement This edtion first published in 1995
260 ## - PUBLICATION, DISTRIBUTION, ETC.
Place of publication, distribution, etc. New York :
Name of publisher, distributor, etc. Children Press,
Date of publication, distribution, etc. 1994
300 ## - PHYSICAL DESCRIPTION
Extent 31 pages :
Other physical details color illustrations ;
Dimensions 22 cm
505 ## - FORMATTED CONTENTS NOTE
Formatted contents note N<br/>
520 ## - SUMMARY, ETC.
Summary, etc. Explains to the reader about mathematical capacity<br/>
521 8# - TARGET AUDIENCE NOTE
Target audience note 540<br/>
Source Lexile<br/>
521 8# - TARGET AUDIENCE NOTE
Target audience note N<br/>
Source Raz-Plus<br/>
650 ## - SUBJECT ADDED ENTRY--TOPICAL TERM
Source of heading or term Capacity
Topical term or geographic name entry element Math concepts
650 ## - SUBJECT ADDED ENTRY--TOPICAL TERM
Source of heading or term Measurement
Topical term or geographic name entry element Science
942 ## - ADDED ENTRY ELEMENTS (KOHA)
Source of classification or shelving scheme Dewey Decimal Classification
Koha item type Books
Suppress in OPAC No
Holdings
Withdrawn status Lost status Source of classification or shelving scheme Damaged status Not for loan Collection Home library Current library Shelving location Date acquired Total Checkouts Full call number Barcode Date last seen Copy number Price effective from Koha item type
    Dewey Decimal Classification     Juvenile Fiction Footprints International School Library Network Toul Tom Poung Campus Footprints International School Library Network Toul Tom Poung Campus TTP Primary Yellow Bookshelves 08/01/2025   PLU 530.8 QC104.P58 FISBK05987 08/01/2025 1 08/01/2025 Books
    Dewey Decimal Classification     Juvenile Fiction Footprints International School Library Network Toul Tom Poung Campus Footprints International School Library Network Toul Tom Poung Campus TTP Primary Yellow Bookshelves 09/09/2025   PLU 530.8 QC104.P58 FISBK06071 09/09/2025 2 09/09/2025 Books